1394 1046 1559 1310 1044 1517 1539 1466 1476 1800 1250 1055 1055 1079 1811 1335 1785 1892 1143 1877 1799 1780 1726 1308 1935 1667 1757 1224 1090 1721 1190 1105 1437 1318 1199 1768 1588 1336 1794 1515 1753 1913 1904 1322 1441 1895 1099 1606 1998 1117 1119 1194 1434 1021 1175 1956 1718 1437 1005 1615 1803 1078 1510 1439 1610 1704 1442 1437 1429 1104 1996 1532 1929 1334 1729 1382 1458 1433 1145 1475 1428 1485 1078 1747 1381 1112 1911 1089 1614 1775 1372 1874 1617 1799 1178 1517 1453 1477 1925 BCNSPRNW ULIB Ver.6.0+V

เปลี่ยนเป็นภาษาไทย

Change to English
 แสดงรายละเอียดบรรณานุกรม
  กลับหน้าหลัก

Brief Record : Get Marc (ISO 2709) : E-mail record : QR code < ปิดหน้าต่าง
LEADER : 00000nam 2200000uu 4500
001    13399115250
003     ULIB
008    120808s2549||||th 000 0 tha d
020    ^a9746134515(ล.2)
060  4 ^aWA671^bม246พ ล.2 2549
110 1  ^aมหาวิทยาลัยสุโขทัยธรรมาธิราช^bสาขาวิชาวิทยาศาสตร์สุขภาพ
245 00 ^aเอกสารการสอนชุดวิชา พิษวิทยาและเวชศาสตร์อุตสาหกรรม หน่วยที่8-15=^bToxicology and industrial medicine/^cสาขาวิชาวิทยาศาสตร์สุขภาพ มหาวิทยาลัยสุโขทัยธรรมาธิราช
246 0  ^aToxicology and industrial medicine
250    ^aพิมพ์ครั้งที่ 12
260    ^aนนทบุรี:^bศูนย์หนังสือมหาวิทยาลัยสุโขทัยธรรมาธิราช,^c2549
300    ^a376 หน้า
650  7 ^aพิษวิทยา
650  7 ^aเวชศาสตร์อุตสาหกรรม
945    ^p0^l0^i14749
995    ^aกัณชพร
999    ^aใช้งานได้ทุกระบบ
รายการนี้ยังไม่มีแท็ก
คุณยังไม่ได้ล็อกอิน คุณสามารถมีกิจกรรมร่วมกับเว็บไซต์ได้ แต่ต้องล็อกอินก่อน ::
  ล็อกอิน

รายการสื่อสารสนเทศ

ลำดับที่ ประเภท เลขเรียก/บาร์โค้ด สถานที่ สถานะ
- ไม่พบข้อมูล -

รายการใกล้เคียง
    หัวเรื่อง [พิษวิทยา]
    หัวเรื่อง [เวชศาสตร์อุตสาหกรรม]

BibComment


ยังไม่เคยถูกคอมเมนท์

คอมเมนท์ทรัพยากรรายการนี้
  คอมเมนท์: เอกสารการสอนชุดว..


 Copyright 2026. Bcnsprnw @Library